[Event "Muensterland Regionalliga 1920"]
[Site "Germany"]
[Date "2019.11.09"]
[Round "3.3"]
[White "Nolting, Bodo"]
[Black "Hunhoff, Sebastian"]
[Result "1/2-1/2"]
[WhiteElo "1726"]
[BlackElo "1918"]
[PlyCount "23"]
[EventDate "2019.09.07"]
[EventType "team-tourn"]
[EventRounds "7"]
[EventCountry "GER"]
[SourceTitle "EXT 2023"]
[Source "ChessBase"]
[SourceDate "2022.10.05"]
[SourceVersion "1"]
[SourceVersionDate "2022.10.05"]
[SourceQuality "1"]
[WhiteTeam "Duelmen"]
[BlackTeam "Bocholt"]
[WhiteTeamCountry "GER"]
[BlackTeamCountry "GER"]

1. e4 e6 2. d4 d5 3. Nd2 Be7 4. c3 dxe4 5. Nxe4 Nf6 6. Bd3 b6 7. Qf3 c6 8. Ne2 Bb7 9. 0-0 Nbd7 10. Bf4 Nxe4 11. Bxe4 Rc8 12. Qg3 1/2-1/2

[Event "Muensterland Regionalliga 1819"]
[Site "Germany"]
[Date "2018.09.08"]
[Round "1.2"]
[White "Wensing, Maximilian"]
[Black "Hunhoff, Sebastian"]
[Result "1/2-1/2"]
[WhiteElo "2092"]
[BlackElo "1936"]
[PlyCount "28"]
[EventDate "2018.09.08"]
[EventType "team-tourn"]
[EventRounds "9"]
[EventCountry "GER"]
[SourceTitle "EXT 2020"]
[Source "ChessBase"]
[SourceDate "2019.10.17"]
[SourceVersion "1"]
[SourceVersionDate "2019.10.17"]
[SourceQuality "1"]
[WhiteTeam "Ahaus Wessum"]
[BlackTeam "Bocholt"]
[WhiteTeamCountry "GER"]
[BlackTeamCountry "GER"]

1. e4 e6 2. d4 d5 3. Nd2 Be7 4. Ngf3 Nf6 5. Bd3 dxe4 6. Nxe4 Nbd7 7. Ng3 c6 8. 0-0 b6 9. Re1 Bb7 10. Qe2 h6 11. Nh4 0-0 12. Ng6 Re8 13. Nxe7+ Qxe7 14. c4 Qd6 1/2-1/2

[Event "Muensterland Regionalliga 1718"]
[Site "Germany"]
[Date "2017.11.11"]
[Round "3.3"]
[White "Hanewinkel, Winfried"]
[Black "Hunhoff, Sebastian"]
[Result "1/2-1/2"]
[WhiteElo "1905"]
[BlackElo "1951"]
[PlyCount "66"]
[EventDate "2017.09.02"]
[EventType "team-tourn"]
[EventRounds "9"]
[EventCountry "GER"]
[SourceTitle "EXT 2019"]
[Source "ChessBase"]
[SourceDate "2018.10.10"]
[SourceVersion "1"]
[SourceVersionDate "2018.10.10"]
[SourceQuality "1"]
[WhiteTeam "Beelen"]
[BlackTeam "Bocholt"]
[WhiteTeamCountry "GER"]
[BlackTeamCountry "GER"]

1. d4 Nf6 2. c4 e5 3. dxe5 Ng4 4. Nf3 Nc6 5. Bf4 Bb4+ 6. Nbd2 Qe7 7. a3 Ngxe5 8. Nxe5 Nxe5 9. e3 Bxd2+ 10. Qxd2 d6 11. Be2 Bd7 12. 0-0 0-0 13. Qd4 b6 14. b4 Rfe8 15. Rfc1 Rad8 16. Qc3 Bf5 17. Rd1 Qf6 18. Rac1 Be4 19. Bg3 Nd7 20. Qxf6 Nxf6 21. Bh4 h6 22. Bxf6 gxf6 23. Rd4 f5 24. f3 Bb7 25. Kf2 Re5 26. Rc3 Rde8 27. Bd1 Kg7 28. Bc2 Bc8 29. Ba4 Rg8 30. Bc6 Kf8 31. c5 bxc5 32. bxc5 Ke7 33. cxd6+ cxd6 1/2-1/2

[Event "Muensterland Regionalliga 1617"]
[Site "Germany"]
[Date "2017.03.11"]
[Round "7.4"]
[White "Hunhoff, Sebastian"]
[Black "Bruemmer, Andreas"]
[Result "1-0"]
[WhiteElo "1899"]
[BlackElo "1925"]
[PlyCount "61"]
[EventDate "2016.09.17"]
[EventType "team"]
[EventRounds "9"]
[EventCountry "GER"]
[SourceTitle "EXT 2018"]
[Source "ChessBase"]
[SourceDate "2017.10.13"]
[SourceVersion "1"]
[SourceVersionDate "2017.10.13"]
[SourceQuality "1"]
[WhiteTeam "Bocholt"]
[BlackTeam "Rheine Klein Berlin"]
[WhiteTeamCountry "GER"]
[BlackTeamCountry "GER"]

1. c4 b6 2. Nc3 Bb7 3. d3 e6 4. e4 c5 5. g3 Nc6 6. Bg2 d6 7. Nge2 Nge7 8. Be3 g6 9. Qd2 Qd7 10. a3 Bg7 11. Bh6 Bxh6 12. Qxh6 0-0-0 13. 0-0 f5 14. Qe3 h5 15. h4 Kb8 16. Rab1 Ne5 17. b4 Ng4 18. Qd2 e5 19. Nd5 Nxd5 20. cxd5 f4 21. bxc5 dxc5 22. gxf4 Qe7 23. f3 Qxh4 24. fxg4 hxg4 25. Qe3 Qh2+ 26. Kf2 exf4 27. Qxf4+ Qxf4+ 28. Nxf4 Ba6 29. Ke3 g5 30. Ne6 Rdg8 31. Rh1 1-0

[Event "Muensterland Regionalliga 1617"]
[Site "Germany"]
[Date "2017.02.04"]
[Round "6.4"]
[White "Wild, Helmut"]
[Black "Hunhoff, Sebastian"]
[Result "0-1"]
[WhiteElo "1922"]
[BlackElo "1899"]
[PlyCount "62"]
[EventDate "2016.09.17"]
[EventType "team"]
[EventRounds "9"]
[EventCountry "GER"]
[SourceTitle "EXT 2018"]
[Source "ChessBase"]
[SourceDate "2017.10.13"]
[SourceVersion "1"]
[SourceVersionDate "2017.10.13"]
[SourceQuality "1"]
[WhiteTeam "Steinfurt"]
[BlackTeam "Bocholt"]
[WhiteTeamCountry "GER"]
[BlackTeamCountry "GER"]

1. c4 Nf6 2. Nc3 e6 3. e4 d6 4. d4 c5 5. dxc5 dxc5 6. Qxd8+ Kxd8 7. Bg5 Be7 8. 0-0-0+ Nfd7 9. Bf4 a6 10. Nf3 Nc6 11. Be2 f6 12. e5 Ke8 13. exf6 gxf6 14. Ne4 e5 15. Bh6 Nd4 16. Nxd4 cxd4 17. Bh5+ Kd8 18. f4 Rg8 19. g3 Kc7 20. Bf7 Rd8 21. fxe5 fxe5 22. Bg7 Bf8 23. Ng5 Bxg7 24. Ne6+ Kd6 25. Nxg7 Nc5 26. Rhf1 Bh3 27. Nf5+ Kc7 28. Ng7 Bxf1 29. Rxf1 a5 30. Bd5 Rf8 31. Bf7 Kd7 0-1

[Event "Muensterland Verbandsliga 1516"]
[Site "Germany"]
[Date "2016.05.21"]
[Round "9.3"]
[White "Althoff, Ralph"]
[Black "Hunhoff, Sebastian"]
[Result "1-0"]
[WhiteElo "1983"]
[BlackElo "1894"]
[PlyCount "68"]
[EventDate "2015.09.12"]
[EventType "team"]
[EventRounds "9"]
[EventCountry "GER"]
[SourceTitle "EXT 2017"]
[Source "ChessBase"]
[SourceDate "2016.10.25"]
[SourceVersion "1"]
[SourceVersionDate "2016.10.25"]
[SourceQuality "1"]
[WhiteTeam "Olfen"]
[BlackTeam "Bocholt"]
[WhiteTeamCountry "GER"]
[BlackTeamCountry "GER"]

1. e4 e6 2. d4 d5 3. e5 c5 4. c3 Qb6 5. Nf3 Bd7 6. Bd3 cxd4 7. cxd4 Bb5 8. 0-0 Bxd3 9. Qxd3 Qa6 10. Qb3 Ne7 11. Nc3 Nec6 12. Nb5 Qb6 13. Bd2 Nd7 14. Qd3 a6 15. Nc3 Be7 16. Rad1 Rc8 17. Rfe1 Qa7 18. Bc1 b5 19. Ng5 Bxg5 20. Bxg5 h6 21. Bh4 Ne7 22. Bxe7 Kxe7 23. Qh3 Nb6 24. f4 g6 25. g4 h5 26. Qh4+ Ke8 27. f5 Qe7 28. Qh3 Qg5 29. fxe6 fxe6 30. Qd3 Qxg4+ 31. Kh1 Rf8 32. Rf1 Ke7 33. Nxb5 axb5 34. Qa3+ Kd7 1-0

[Event "Muensterland Verbandsliga 1516"]
[Site "Germany"]
[Date "2016.01.16"]
[Round "5.4"]
[White "Hunhoff, Sebastian"]
[Black "Sicking, Norbert"]
[Result "1/2-1/2"]
[WhiteElo "1894"]
[BlackElo "1780"]
[PlyCount "61"]
[EventDate "2015.09.12"]
[EventType "team"]
[EventRounds "9"]
[EventCountry "GER"]
[SourceTitle "EXT 2017"]
[Source "ChessBase"]
[SourceDate "2016.10.25"]
[SourceVersion "1"]
[SourceVersionDate "2016.10.25"]
[SourceQuality "1"]
[WhiteTeam "Bocholt"]
[BlackTeam "Heiden"]
[WhiteTeamCountry "GER"]
[BlackTeamCountry "GER"]

1. c4 g6 2. Nc3 Bg7 3. e4 Nc6 4. Nge2 e5 5. g3 Nge7 6. Bg2 0-0 7. 0-0 d6 8. h3 Bd7 9. d3 Qc8 10. Kh2 a6 11. Be3 f5 12. f4 exf4 13. gxf4 fxe4 14. dxe4 Be6 15. c5 Rd8 16. Qe1 d5 17. exd5 Nxd5 18. Nxd5 Bxd5 19. Nc3 Bxg2 20. Kxg2 Qf5 21. Qe2 Rd3 22. Rad1 Rad8 23. Rxd3 Qxd3 24. Rc1 Qxe2+ 25. Nxe2 Rd3 26. Kf2 Nb4 27. Nc3 Rd7 28. Ke2 Re7 29. Kd2 Rd7+ 30. Ke2 Re7 31. Kd2 1/2-1/2

[Event "Muensterland Regionalliga 1415"]
[Site "Germany"]
[Date "2014.12.13"]
[Round "4.4"]
[White "Hunhoff, Sebastian"]
[Black "Rebber, Christian"]
[Result "0-1"]
[WhiteElo "1887"]
[BlackElo "1881"]
[PlyCount "76"]
[EventDate "2014.09.20"]
[EventType "team-tourn"]
[EventRounds "9"]
[EventCountry "GER"]
[SourceTitle "EXT 2016"]
[Source "ChessBase"]
[SourceDate "2015.10.08"]
[SourceVersion "1"]
[SourceVersionDate "2015.10.08"]
[SourceQuality "1"]
[WhiteTeam "Bocholt"]
[BlackTeam "Duelmen"]
[WhiteTeamCountry "GER"]
[BlackTeamCountry "GER"]

1. c4 c5 2. Nc3 Nc6 3. e4 d6 4. g3 g6 5. Bg2 Bg7 6. Nge2 Nf6 7. h3 0-0 8. 0-0 a6 9. d3 Rb8 10. Be3 b5 11. Qd2 b4 12. Nd5 Re8 13. Nxf6+ Bxf6 14. f4 Bb7 15. g4 Ba8 16. g5 Bg7 17. Ng3 Nd4 18. Rae1 b3 19. axb3 Rxb3 20. Rf2 Qb6 21. Ra1 Nc6 22. Ra2 Nb4 23. Ra3 Rxb2 24. Qd1 Rxf2 25. Bxf2 Rb8 26. h4 Bc6 27. h5 Bb2 28. h6 f6 29. Qg4 Bxa3 30. Qe6+ Kf8 31. f5 Bd7 32. Qxd7 Qc6 33. Qe6 Qc8 34. Qxc8+ Rxc8 35. fxg6 hxg6 36. Bh3 Rb8 37. Be6 Bb2 38. Nf5 gxf5 0-1

[Event "Muensterland Regionalliga 1314"]
[Site "Germany"]
[Date "2014.04.05"]
[Round "8.4"]
[White "Haas, Kai Markus"]
[Black "Hunhoff, Sebastian"]
[Result "1/2-1/2"]
[WhiteElo "1982"]
[BlackElo "1897"]
[PlyCount "40"]
[EventDate "2013.09.07"]
[EventType "team-tourn"]
[EventRounds "9"]
[EventCountry "GER"]
[SourceTitle "EXT 2015"]
[Source "ChessBase"]
[SourceDate "2014.11.20"]
[SourceVersion "1"]
[SourceVersionDate "2014.11.20"]
[SourceQuality "1"]
[WhiteTeam "Sendenhorst"]
[BlackTeam "Bocholt"]
[WhiteTeamCountry "GER"]
[BlackTeamCountry "GER"]

1. e4 e6 2. d3 d5 3. Nd2 c5 4. Ngf3 Nc6 5. g3 Nf6 6. Bg2 Be7 7. 0-0 0-0 8. c3 b5 9. Re1 a5 10. e5 Ne8 11. Qe2 b4 12. Nf1 Nc7 13. h4 Nb5 14. Qc2 a4 15. a3 Bd7 16. Bf4 Qa5 17. c4 Nbd4 18. Nxd4 Nxd4 19. Qd1 Bc6 20. Ne3 Rfd8 1/2-1/2

[Event "Muensterland Regionalliga 1314"]
[Site "Germany"]
[Date "2013.10.05"]
[Round "2.6"]
[White "Hunhoff, Sebastian"]
[Black "Simons, Dirk"]
[Result "1-0"]
[WhiteElo "1897"]
[BlackElo "1825"]
[PlyCount "61"]
[EventDate "2013.09.07"]
[EventType "team-tourn"]
[EventRounds "9"]
[EventCountry "GER"]
[SourceTitle "EXT 2015"]
[Source "ChessBase"]
[SourceDate "2014.11.20"]
[SourceVersion "1"]
[SourceVersionDate "2014.11.20"]
[SourceQuality "1"]
[WhiteTeam "Bocholt"]
[BlackTeam "Muenster SK III"]
[WhiteTeamCountry "GER"]
[BlackTeamCountry "GER"]

1. c4 e5 2. Nc3 f5 3. d4 exd4 4. Qxd4 Nc6 5. Qe3+ Qe7 6. Nd5 Qxe3 7. Bxe3 Bb4+ 8. Kd1 Bd6 9. g3 Nce7 10. Bg2 c6 11. Nc3 Nf6 12. h3 0-0 13. Nf3 Bb4 14. Kc2 d5 15. c5 Nd7 16. Na4 Ba5 17. Rab1 Bc7 18. Bd4 b6 19. b4 Ba6 20. Ng5 Be5 21. Bxe5 Nxe5 22. Ne6 Bb5 23. Nc3 Rfc8 24. Nxb5 cxb5 25. Nf4 bxc5 26. Nxd5 N7c6 27. bxc5 Rab8 28. Rhc1 Kf8 29. Ne3 Na5 30. Kd1 Nac4 31. Nxc4 1-0

[Event "NRW Class1 1213"]
[Site "Germany"]
[Date "2013.04.28"]
[Round "9.5"]
[White "Gruettemeier, Uwe"]
[Black "Hunhoff, Sebastian"]
[Result "1/2-1/2"]
[WhiteElo "2074"]
[BlackElo "1795"]
[PlyCount "101"]
[EventDate "2012.09.16"]
[EventType "team-tourn"]
[EventRounds "9"]
[EventCountry "GER"]
[SourceTitle "EXT 2017"]
[Source "ChessBase"]
[SourceDate "2016.10.25"]
[SourceVersion "1"]
[SourceVersionDate "2016.10.25"]
[SourceQuality "1"]
[WhiteTeam "Bielefeld"]
[BlackTeam "Bocholt"]
[WhiteTeamCountry "GER"]
[BlackTeamCountry "GER"]

1. d4 Nf6 2. Nf3 c5 3. d5 e6 4. c4 exd5 5. cxd5 d6 6. Nc3 g6 7. e4 Bg7 8. Bg5 0-0 9. Nd2 b6 10. Be2 Ba6 11. 0-0 Qc8 12. Nc4 Bxc4 13. Bxc4 Qg4 14. Qxg4 Nxg4 15. Be7 Re8 16. Bxd6 Bxc3 17. bxc3 Rxe4 18. Bb5 Nf6 19. f3 Re3 20. Rfe1 Rxe1+ 21. Rxe1 a6 22. Bd3 Nbd7 23. c4 Re8 24. Be7 Kg7 25. Kf2 Ng8 26. Bh4 Rxe1 27. Kxe1 f5 28. Ke2 h6 29. Bd8 Ngf6 30. Kd2 Kf7 31. Be2 Ke8 32. Bc7 Ke7 33. h4 g5 34. Bd3 f4 35. Bf5 Ne8 36. Bxd7 Nxc7 37. hxg5 hxg5 38. Bf5 b5 39. Kd3 Kd6 40. Be4 Ke5 41. Kc3 Ne8 42. Bd3 Nd6 43. cxb5 axb5 44. Bxb5 Nxb5+ 45. Kc4 Nc7 46. Kxc5 Nxd5 47. a4 Nc7 48. a5 Ke6 49. Kc6 Nd5 50. Kc5 Nc7 51. Kc6 1/2-1/2

[Event "Dortmund Sparkassen op-B"]
[Site "Dortmund"]
[Date "2011.07.29"]
[Round "7"]
[White "Hunhoff, Sebastian"]
[Black "Atkins, David"]
[Result "1-0"]
[WhiteElo "1792"]
[BlackElo "1160"]
[PlyCount "73"]
[EventDate "2011.07.23"]
[EventType "swiss"]
[EventRounds "9"]
[EventCountry "GER"]
[SourceTitle "EXT 2013"]
[Source "ChessBase"]
[SourceDate "2012.11.22"]
[SourceVersion "1"]
[SourceVersionDate "2012.11.22"]
[SourceQuality "1"]

1. c4 e5 2. Nc3 Nc6 3. Nf3 Nf6 4. d4 d6 5. dxe5 dxe5 6. Qxd8+ Nxd8 7. Nxe5 Ne6 8. e3 g6 9. Be2 Bg7 10. Bd2 0-0 11. 0-0 b6 12. Bf3 Rb8 13. Nc6 Bb7 14. Nxb8 Bxf3 15. gxf3 Rxb8 16. Rfd1 Rd8 17. Be1 Re8 18. Rac1 Rc8 19. b3 Ng5 20. Kg2 c6 21. Rd3 Ne6 22. Rcd1 c5 23. Nd5 Kh8 24. Bc3 Ne8 25. f4 Bxc3 26. Nxc3 Kg7 27. Rd7 a6 28. Ne4 Rb8 29. Ng5 Nxg5 30. fxg5 b5 31. Rd8 Rxd8 32. Rxd8 Nc7 33. Rc8 Ne6 34. f4 bxc4 35. bxc4 f5 36. Ra8 Nc7 37. Ra7 1-0

[Event "Muensterland Verbandsliga 1011"]
[Site "Germany"]
[Date "2011.05.14"]
[Round "9.5"]
[White "Hunhoff, Sebastian"]
[Black "Ollech, Dirk"]
[Result "0-1"]
[WhiteElo "1740"]
[BlackElo "1856"]
[PlyCount "102"]
[EventDate "2010.09.25"]
[EventType "team-tourn"]
[EventRounds "9"]
[EventCountry "GER"]
[SourceTitle "EXT 2012"]
[Source "ChessBase"]
[SourceDate "2011.11.24"]
[SourceVersion "1"]
[SourceVersionDate "2011.11.24"]
[SourceQuality "1"]
[WhiteTeam "Bocholt"]
[BlackTeam "Muenster Indische Dame"]
[WhiteTeamCountry "GER"]
[BlackTeamCountry "GER"]

1. c4 Nf6 2. Nc3 g6 3. e4 d6 4. g3 Bg7 5. Bg2 0-0 6. Nge2 c5 7. 0-0 Nc6 8. d3 Rb8 9. h3 a6 10. Be3 b5 11. Qd2 bxc4 12. dxc4 Ne8 13. f4 Bd7 14. Rad1 Qc8 15. Kh2 Be6 16. b3 f5 17. e5 dxe5 18. Bxc5 e4 19. Nd5 Rf7 20. Nec3 Nf6 21. b4 Nd7 22. Na4 Nxc5 23. bxc5 Bxd5 24. cxd5 Nd4 25. Rc1 Qc7 26. Nb6 Rff8 27. Qa5 g5 28. Nc4 Qxa5 29. Nxa5 gxf4 30. gxf4 Bh6 31. c6 Ne2 32. c7 Rbc8 33. Rc6 Bxf4+ 34. Rxf4 Nxf4 35. Bf1 e3 36. Bc4 Kg7 37. Nb7 e2 38. Bxe2 Nxe2 39. d6 exd6 40. Nxd6 Nd4 41. Rc4 Ne6 42. Nxc8 Rxc8 43. Rc6 Kf6 44. Rxa6 Rxc7 45. a4 f4 46. a5 Rc2+ 47. Kg1 Ra2 48. Ra7 Ng5 49. Kf1 h5 50. h4 Nf3 51. a6 Nh2+ 0-1

[Event "Muensterland Verbandsliga 0910"]
[Site "Germany"]
[Date "2010.01.16"]
[Round "5.7"]
[White "Hunhoff, Sebastian"]
[Black "Willermann, Norbert"]
[Result "1-0"]
[WhiteElo "1695"]
[BlackElo "1801"]
[PlyCount "113"]
[EventDate "2009.09.26"]
[EventType "team-tourn"]
[EventRounds "9"]
[EventCountry "GER"]
[SourceTitle "EXT 2011"]
[Source "ChessBase"]
[SourceDate "2010.11.26"]
[SourceVersion "1"]
[SourceVersionDate "2010.11.26"]
[SourceQuality "1"]
[WhiteTeam "Bocholt"]
[BlackTeam "Ostbevern Westbevern"]
[WhiteTeamCountry "GER"]
[BlackTeamCountry "GER"]

1. c4 Nf6 2. Nc3 d5 3. cxd5 Nxd5 4. d4 e6 5. e4 Nxc3 6. bxc3 c5 7. Bb5+ Bd7 8. Bxd7+ Nxd7 9. Nf3 cxd4 10. cxd4 Bb4+ 11. Bd2 Bxd2+ 12. Nxd2 0-0 13. 0-0 Nf6 14. Qa4 a6 15. Rfe1 b5 16. Qb4 Qb6 17. Nb3 Rac8 18. Qd2 Rc4 19. Rac1 Rd8 20. Qe2 Rdc8 21. Rxc4 Rxc4 22. Rd1 Qc7 23. f3 Rc2 24. Rd2 Rc4 25. g3 a5 26. d5 a4 27. Na1 Rc1+ 28. Rd1 Rxd1+ 29. Qxd1 Qc5+ 30. Kg2 exd5 31. Nc2 g6 32. e5 Nd7 33. f4 Qc4 34. a3 Qe4+ 35. Kf2 Nc5 36. Nb4 d4 37. Qf3 Qxf3+ 38. Kxf3 Kf8 39. Nc6 Ke8 40. Nxd4 Kd7 41. Nxb5 f6 42. exf6 Ke6 43. Nc3 Nb3 44. Ke3 Kxf6 45. Nxa4 Kf5 46. h3 h5 47. Nb6 Nc5 48. Kf3 g5 49. g4+ hxg4+ 50. hxg4+ Kf6 51. f5 Ke5 52. a4 Kd6 53. Ke3 Kc6 54. a5 Kb5 55. Kd4 Nb3+ 56. Kd5 Nxa5 57. f6 1-0

[Event "Muensterland Verbandsliga 0910"]
[Site "Germany"]
[Date "2009.11.28"]
[Round "3.7"]
[White "Hunhoff, Sebastian"]
[Black "Sparwel, Oliver"]
[Result "1-0"]
[WhiteElo "1695"]
[BlackElo "1939"]
[PlyCount "61"]
[EventDate "2009.09.26"]
[EventType "team-tourn"]
[EventRounds "9"]
[EventCountry "GER"]
[SourceTitle "EXT 2011"]
[Source "ChessBase"]
[SourceDate "2010.11.26"]
[SourceVersion "1"]
[SourceVersionDate "2010.11.26"]
[SourceQuality "1"]
[WhiteTeam "Bocholt"]
[BlackTeam "Suedlohn"]
[WhiteTeamCountry "GER"]
[BlackTeamCountry "GER"]

1. c4 e5 2. Nc3 c6 3. e4 d6 4. g3 Be7 5. Bg2 Nf6 6. Nge2 0-0 7. 0-0 a5 8. d3 Na6 9. h3 Nc5 10. Be3 Nfd7 11. f4 f5 12. exf5 Rxf5 13. g4 Rf8 14. Qd2 exf4 15. Nxf4 Ne5 16. Rae1 Bg5 17. Bxc5 dxc5 18. Nce2 Nxd3 19. Qxd3 Qxd3 20. Nxd3 Be6 21. b3 Bd2 22. Rxf8+ Kxf8 23. Rf1+ Ke7 24. Nef4 Bd7 25. Kh2 b6 26. Ne5 Bc3 27. Nxc6+ Kd6 28. Ne5 Re8 29. Nxd7 Kxd7 30. h4 Be5 31. Kh3 1-0